000 01429nam a2200361Ia 4500
001 ebr10510712
003 CaPaEBR
006 m u
007 cr cn|||||||||
008 101028s2011 enkab sb 101 0 eng d
010 _z 2010046377
020 _z1405193379
020 _z1405193387
020 _z9781405193375
020 _z9781405193382
020 _z9781444329964
040 _aCaPaEBR
_cCaPaEBR
035 _a(OCoLC)769189341
050 1 4 _aQE514
_b.F75 2011eb
082 0 4 _a551.9
_222
245 0 0 _aFrontiers in geochemistry
_h[electronic resource] :
_bcontribution of geochemistry to the study of the earth /
_cedited by Russell S. Harmon and Andrew Parker.
260 _aChichester, West Sussex, UK ;
_aHoboken, NJ :
_bWiley-Blackwell,
_c2011.
300 _axii, 263 p. :
_bill. (some col.), maps.
504 _aIncludes bibliographical references and index.
533 _aElectronic reproduction.
_bPalo Alto, Calif. :
_cebrary,
_d2011.
_nAvailable via World Wide Web.
_nAccess may be limited to ebrary affiliated libraries.
650 0 _aGeochemistry
_vCongresses.
650 0 _aGeology, Structural.
655 7 _aElectronic books.
_2local
700 1 _aHarmon, R. S.
_q(Russell S.)
700 1 _aParker, A.
_q(Andrew),
_d1941-
710 2 _aebrary, Inc.
856 4 0 _uhttp://site.ebrary.com/lib/rucke/Doc?id=10510712
_zAn electronic book accessible through the World Wide Web; click to view
999 _c223571
_d223571